000
00205 a2200097 4500
001
7512
100
_a
Juudge, A W
245
_a
Motor Vehicle Engine Serving
260
_a
_b
Pitman
_c
090
_c
6013
_d
6013
942
_a
NUST-CAE
_c
M
_c
32505
999
_c
242585
_d
242585